[Event "GRENKE Chess Open 2024"]
[Site "Karlsruhe"]
[Date "2024.03.28"]
[Round "1.1"]
[White "Gressmann, Moritz"]
[Black "Saric, Ivan"]
[Result "0-1"]
[WhiteElo "2125"]
[BlackElo "2670"]
[Annotator "TA"]
[PlyCount "112"]
[EventDate "2024.03.28"]
[EventType "swiss"]
[EventCountry "GER"]
[SourceTitle "playchess.com"]
[Source "ChessBase"]
[SourceQuality "1"]

1. e4 c5 2. Nc3 Nc6 3. Bb5 Nd4 4. Nf3 e6 5. O-O a6 6. Bd3 Nc6 7. Re1 g5 8. Kh1 d6 9. Bf1 g4 10. Ng1 Nf6 11. d3 h5 12. Bg5 Be7 13. Qd2 b5 14. f4 b4 15. Nd1 d5 16. exd5 Nxd5 17. Nf2 f6 18. Bh4 Nd4 19. Ne4 Nf5 20. Bf2 Qc7 21. Ne2 h4 22. c4 bxc3 23. bxc3 g3 24. Bg1 gxh2 25. Bf2 Kf7 26. c4 Nb4 27. a3 Nc6 28. Bxc5 Bxc5 29. Nxc5 h3 30. gxh3 Ncd4 31. Ne4 Nxe2 32. Qxe2 Bb7 33. Qf2 Rag8 34. Bg2 Rh4 35. Rab1 Ba8 36. Qb2 Bxe4 37. Bxe4 Qxf4 38. Qb7+ Ne7 39. Bg2 Rh5 40. Rxe6 Kxe6 41. Re1+ Re5 42. Bd5+ Kf5 43. Rxe5+ Qxe5 44. Bxg8 Kf4 45. Qg2 Nxg8 46. Qxg8 Ke3 47. Qg2 f5 48. Qf1 Qg3 49. Qc1+ Kxd3 50. c5 f4 51. c6 f3 52. Qf1+ Kd2 53. c7 f2 54. Qc1+ Kxc1 55. c8=Q+ Kb2 56. Qb7+ Ka1 0-1

[Event "GRENKE Chess Open 2024"]
[Site "Karlsruhe"]
[Date "2024.03.28"]
[Round "1.2"]
[White "Sarana, Alexey"]
[Black "Pfrengle, Tim"]
[Result "1-0"]
[WhiteElo "2699"]
[BlackElo "2127"]
[Annotator "TA"]
[PlyCount "77"]
[EventDate "2024.03.28"]
[EventType "swiss"]
[EventCountry "GER"]
[SourceTitle "playchess.com"]
[Source "ChessBase"]
[SourceQuality "1"]

1. d4 d5 2. c4 e6 3. Nc3 Nf6 4. Bg5 Be7 5. e3 h6 6. Bh4 O-O 7. Qc2 Nbd7 8. cxd5 exd5 9. Bd3 c6 10. h3 Ne8 11. Bg3 Nd6 12. Nf3 Re8 13. O-O Bf8 14. Rad1 Nf6 15. Ne5 Be6 16. f3 Rc8 17. Ne2 Qb6 18. Rc1 Nd7 19. Kh2 Nxe5 20. dxe5 Nc4 21. Bxc4 dxc4 22. e4 Rcd8 23. f4 Qa5 24. f5 Bc8 25. Qxc4 Qd2 26. Rc2 Qd3 27. Qxd3 Rxd3 28. Rf3 Red8 29. Rxd3 Rxd3 30. Bf2 a6 31. Nf4 Rd1 32. g4 Bb4 33. Kg3 Ba5 34. Kf3 Kf8 35. Bc5+ Ke8 36. Nh5 g6 37. Ng7+ Kd8 38. e6 fxe6 39. fxe6 1-0

[Event "GRENKE Chess Open 2024"]
[Site "Karlsruhe"]
[Date "2024.03.28"]
[Round "1.2"]
[White "Shevchenko, Kirill"]
[Black "Kotyk, Michael"]
[Result "1-0"]
[WhiteElo "2670"]
[BlackElo "2125"]
[Annotator "TA"]
[PlyCount "76"]
[EventDate "2024.03.28"]
[EventType "swiss"]
[EventCountry "GER"]
[SourceTitle "playchess.com"]
[Source "ChessBase"]
[SourceQuality "1"]

1. e4 e5 2. Nf3 Nc6 3. Bb5 a6 4. Ba4 Be7 5. O-O Nf6 6. d3 b5 7. Bb3 O-O 8. Nc3 Bb7 9. Re1 d6 10. a3 Na5 11. Ba2 c5 12. Ne2 Bc8 13. Ng3 Be6 14. Bxe6 fxe6 15. Bd2 Nc6 16. b4 a5 17. Rb1 axb4 18. axb4 cxb4 19. Bxb4 Qd7 20. Bd2 Rfb8 21. c3 d5 22. Qc2 d4 23. Ne2 Nxe4 24. dxe4 d3 25. Qd1 dxe2 26. Qxe2 Ra2 27. Red1 Qa7 28. Rxb5 Rd8 29. Qc4 Rd6 30. Rbb1 Ra4 31. Qb3 Ra3 32. Qb5 Qd7 33. Rdc1 Rd3 34. Qc4 Ra8 35. Be3 Rc8 36. Qa6 Rd6 37. Bc5 Nb8 38. Qb5 Qc7 1-0

[Event "GRENKE Chess Open 2024"]
[Site "Karlsruhe"]
[Date "2024.03.29"]
[Round "1.3"]
[White "Salzgeber, Frank"]
[Black "Fedoseev, Vladimir"]
[Result "0-1"]
[WhiteElo "2127"]
[BlackElo "2690"]
[Annotator "TA"]
[PlyCount "156"]
[EventDate "2024.03.28"]
[EventType "swiss"]
[EventCountry "GER"]
[SourceTitle "playchess.com"]
[Source "ChessBase"]
[SourceQuality "1"]

1. d4 d5 2. c4 e6 3. Nc3 h6 4. Nf3 Nf6 5. Bf4 c5 6. e3 cxd4 7. exd4 Nc6 8. a3 Be7 9. c5 Ne4 10. Bd3 Nxc3 11. bxc3 b6 12. Bb5 Bd7 13. Bxc6 Bxc6 14. Ne5 Rc8 15. Qg4 Kf8 16. O-O Be8 17. cxb6 axb6 18. Bd2 h5 19. Qf3 Kg8 20. a4 h4 21. Rfb1 h3 22. g3 Bd6 23. Qe2 Ra8 24. Re1 Qc7 25. Qd1 Ra6 26. Nd3 Qc4 27. Nb2 Qc6 28. f4 g6 29. Qe2 Qa8 30. Qd1 Kg7 31. Rf1 Bd7 32. Re1 Ra7 33. Rf1 Bc7 34. Re1 b5 35. axb5 Bxb5 36. Rxa7 Qxa7 37. Qc1 Bd6 38. Nd1 Qa2 39. Nf2 Ba4 40. Be3 Be7 41. Qa1 Qc2 42. Qc1 Qb3 43. Bd2 Qa2 44. Be3 Bb5 45. Qa1 Qc2 46. Qc1 Qb3 47. Bd2 Bc4 48. Qb1 Qa4 49. Qa1 Qc2 50. Qc1 Qa2 51. Be3 Qa5 52. Qa1 Qc7 53. Qd1 Bb5 54. Bd2 Qc4 55. Qa1 Bd6 56. Qc1 Ba4 57. Qa1 Bc2 58. Qb2 Bf5 59. Qb6 Ba3 60. g4 Bc2 61. Qa7 Bb2 62. Qc5 Qxc5 63. dxc5 Ra8 64. Nxh3 Ra4 65. Nf2 Rc4 66. Re3 Ba3 67. Nd3 g5 68. fxg5 Rxg4+ 69. Kf2 Bxd3 70. Rxd3 Bxc5+ 71. Kf3 Rc4 72. h3 Kg6 73. Bf4 Kf5 74. Bd2 Re4 75. Kg3 Bd6+ 76. Kf2 Bf4 77. h4 Bxd2 78. Rxd2 Rxh4 0-1

[Event "GRENKE Chess Open 2024"]
[Site "Karlsruhe"]
[Date "2024.03.28"]
[Round "1.3"]
[White "Gerlach, Felix"]
[Black "Bluebaum, Matthias"]
[Result "0-1"]
[WhiteElo "2124"]
[BlackElo "2655"]
[Annotator "TA"]
[PlyCount "80"]
[EventDate "2024.03.28"]
[EventType "swiss"]
[EventCountry "GER"]
[SourceTitle "playchess.com"]
[Source "ChessBase"]
[SourceQuality "1"]

1. c4 e5 2. g3 c6 3. Nf3 e4 4. Nd4 d5 5. cxd5 Qxd5 6. e3 Nf6 7. Nc3 Qe5 8. f4 exf3 9. Nxf3 Qc7 10. Bg2 Be7 11. O-O O-O 12. d4 Bg4 13. e4 Qb6 14. Kh1 Rd8 15. e5 Nd5 16. Nxd5 cxd5 17. Qd3 Bh5 18. Bg5 Nc6 19. Bxe7 Nxe7 20. Ng5 Bg6 21. Qd2 Rac8 22. Rac1 h6 23. Nh3 Rxc1 24. Rxc1 Nc6 25. Nf4 Be4 26. e6 Bxg2+ 27. Kxg2 fxe6 28. Nxe6 Re8 29. Nf4 Re4 30. Nxd5 Rxd4 31. Qe2 Qd8 32. Qe6+ Kh8 33. Nf4 Rxf4 34. gxf4 Qd2+ 35. Kg3 Qxc1 36. Qc8+ Kh7 37. Qf5+ Kg8 38. Qe6+ Kf8 39. Qc8+ Ke7 40. Qxb7+ Kf6 0-1

[Event "GRENKE Chess Open 2024"]
[Site "Karlsruhe"]
[Date "2024.03.28"]
[Round "1.4"]
[White "Sjugirov, Sanan"]
[Black "Schlenker, Joerg"]
[Result "1-0"]
[WhiteElo "2690"]
[BlackElo "2127"]
[Annotator "TA"]
[PlyCount "35"]
[EventDate "2024.03.28"]
[EventType "swiss"]
[EventCountry "GER"]
[SourceTitle "playchess.com"]
[Source "ChessBase"]
[SourceQuality "1"]

1. d4 e6 2. c4 f5 3. Nf3 Nf6 4. g3 b6 5. Bg2 Bb7 6. O-O Qe7 7. Nc3 d6 8. d5 e5 9. Ng5 Bc8 10. Ne6 Bxe6 11. dxe6 c6 12. Nd5 Nxd5 13. cxd5 c5 14. e4 fxe4 15. f4 c4 16. fxe5 dxe5 17. d6 Qxd6 18. Qxd6 1-0

[Event "GRENKE Chess Open 2024"]
[Site "Karlsruhe"]
[Date "2024.03.28"]
[Round "1.4"]
[White "Kollars, Dmitrij"]
[Black "Kassay, Krisztian"]
[Result "1-0"]
[WhiteElo "2629"]
[BlackElo "2124"]
[Annotator "TA"]
[PlyCount "43"]
[EventDate "2024.03.28"]
[EventType "swiss"]
[EventCountry "GER"]
[SourceTitle "playchess.com"]
[Source "ChessBase"]
[SourceQuality "1"]

1. e4 d6 2. d4 Nf6 3. Nc3 e5 4. Nf3 Nbd7 5. Bc4 Be7 6. a4 a5 7. O-O O-O 8. Re1 c6 9. h3 Qc7 10. Be3 exd4 11. Nxd4 Ne5 12. Bb3 Re8 13. f4 Ng6 14. Qf3 h5 15. Qg3 Kf8 16. Rad1 d5 17. e5 Ne4 18. Nxe4 Bh4 19. Qf3 dxe4 20. Qxh5 Bxe1 21. Rxe1 Qe7 22. Bf2 1-0

[Event "GRENKE Chess Open 2024"]
[Site "Karlsruhe"]
[Date "2024.03.28"]
[Round "1.5"]
[White "Raum, Sebastian"]
[Black "Niemann, Hans Moke"]
[Result "0-1"]
[WhiteElo "2126"]
[BlackElo "2676"]
[Annotator "TA"]
[PlyCount "54"]
[EventDate "2024.03.28"]
[EventType "swiss"]
[EventCountry "GER"]
[SourceTitle "playchess.com"]
[Source "ChessBase"]
[SourceQuality "1"]

1. e4 c5 2. Nf3 d6 3. d4 cxd4 4. Nxd4 Nf6 5. Nc3 a6 6. Be3 e5 7. Nb3 Be6 8. Qd2 Nbd7 9. O-O-O Be7 10. f3 h5 11. f4 b5 12. Be2 Rc8 13. Kb1 Qc7 14. f5 Bc4 15. a3 Nb6 16. Bf3 O-O 17. g4 hxg4 18. Rhg1 Na4 19. Nd5 Bxd5 20. exd5 gxf3 21. Bc5 Ne4 22. Rxg7+ Kxg7 23. f6+ Bxf6 24. Rg1+ Kh7 25. Qd3 Rg8 26. Qxe4+ Rg6 27. Be3 Kg7 0-1

[Event "GRENKE Chess Open 2024"]
[Site "Karlsruhe"]
[Date "2024.03.28"]
[Round "1.5"]
[White "Backhaus, Silas"]
[Black "Mishra, Abhimanyu"]
[Result "0-1"]
[WhiteElo "2123"]
[BlackElo "2627"]
[Annotator "TA"]
[PlyCount "44"]
[EventDate "2024.03.28"]
[EventType "swiss"]
[EventCountry "GER"]
[SourceTitle "playchess.com"]
[Source "ChessBase"]
[SourceQuality "1"]

1. d4 d5 2. c4 c6 3. Nc3 Nf6 4. e3 e6 5. Nf3 Nbd7 6. Be2 Bd6 7. O-O O-O 8. b3 b6 9. Bb2 Bb7 10. Bd3 Rc8 11. Rc1 Qe7 12. Re1 c5 13. cxd5 cxd4 14. Nxd4 Nxd5 15. Nxd5 Bxd5 16. Ba6 Rxc1 17. Qxc1 Qh4 18. g3 Bxg3 19. fxg3 Qe4 20. Re2 Nc5 21. Bc4 Qh1+ 22. Kf2 Ne4# 0-1

[Event "GRENKE Chess Open 2024"]
[Site "Karlsruhe"]
[Date "2024.03.28"]
[Round "1.6"]
[White "Anton Guijarro, David"]
[Black "Goossens, Hanne"]
[Result "1-0"]
[WhiteElo "2671"]
[BlackElo "2125"]
[Annotator "TA"]
[PlyCount "75"]
[EventDate "2024.03.28"]
[EventType "swiss"]
[EventCountry "GER"]
[SourceTitle "playchess.com"]
[Source "ChessBase"]
[SourceQuality "1"]

1. c4 e5 2. g3 Nf6 3. Bg2 c6 4. d4 e4 5. Bg5 d5 6. Bxf6 Qxf6 7. Nc3 Bb4 8. e3 O-O 9. Nge2 Bg4 10. O-O Bxc3 11. bxc3 dxc4 12. Bxe4 Bf3 13. Bxf3 Qxf3 14. Nf4 Qxd1 15. Rfxd1 Nd7 16. a4 g5 17. Nh5 b5 18. axb5 cxb5 19. Ra6 Rfb8 20. Rda1 Rb7 21. Kg2 Nb6 22. Nf6+ Kg7 23. Ne4 Nd5 24. Rd6 Nb6 25. Nc5 Rbb8 26. Ra5 b4 27. cxb4 c3 28. Nd3 Rc8 29. Rxg5+ Kf8 30. Rc5 Na4 31. Rxc8+ Rxc8 32. Ra6 Nb2 33. Nc1 Rc4 34. Rxa7 Rxb4 35. Kf3 Nd1 36. Ke2 c2 37. Rc7 Rb2 38. g4 1-0

[Event "GRENKE Chess Open 2024"]
[Site "Karlsruhe"]
[Date "2024.03.28"]
[Round "1.6"]
[White "Svane, Rasmus"]
[Black "Dylong, Antoni"]
[Result "1-0"]
[WhiteElo "2623"]
[BlackElo "2123"]
[Annotator "TA"]
[PlyCount "45"]
[EventDate "2024.03.28"]
[EventType "swiss"]
[EventCountry "GER"]
[SourceTitle "playchess.com"]
[Source "ChessBase"]
[SourceQuality "1"]

1. Nf3 Nf6 2. c4 e6 3. g3 Be7 4. Bg2 O-O 5. O-O d5 6. b3 c5 7. cxd5 Nxd5 8. Nc3 Nxc3 9. dxc3 Qxd1 10. Rxd1 Nc6 11. Be3 Rd8 12. Rxd8+ Nxd8 13. Rd1 Nc6 14. Nd2 e5 15. Nc4 Be6 16. Bxc6 Bxc4 17. Bxb7 Bxe2 18. Rd7 Re8 19. Bd5 Kf8 20. Bxc5 a6 21. Rc7 Bxc5 22. Rxf7+ Kg8 23. Rc7+ 1-0

[Event "GRENKE Chess Open 2024"]
[Site "Karlsruhe"]
[Date "2024.03.28"]
[Round "1.7"]
[White "Hoppstaedter, Daniel"]
[Black "Santos Latasa, Jaime"]
[Result "0-1"]
[WhiteElo "2123"]
[BlackElo "2621"]
[Annotator "TA"]
[PlyCount "62"]
[EventDate "2024.03.28"]
[EventType "swiss"]
[EventCountry "GER"]
[SourceTitle "playchess.com"]
[Source "ChessBase"]
[SourceQuality "1"]

1. d4 Nf6 2. Bg5 e6 3. Nf3 h6 4. Bh4 c5 5. e3 d5 6. c3 Qb6 7. Qb3 Nc6 8. Nbd2 Nh5 9. h3 g5 10. g4 gxh4 11. gxh5 Be7 12. Qxb6 axb6 13. Bd3 c4 14. Bc2 b5 15. O-O b4 16. e4 bxc3 17. bxc3 Ra3 18. Nb1 Ra5 19. Re1 Kf8 20. Nbd2 b5 21. Nf1 Rg8+ 22. Kh1 b4 23. Ne3 bxc3 24. exd5 exd5 25. Bh7 Rg5 26. Nxg5 Bxg5 27. Red1 Bxh3 28. Rac1 Rxa2 29. Kg1 Rd2 30. Rxc3 Rxd1+ 31. Nxd1 Be6 0-1

[Event "GRENKE Chess Open 2024"]
[Site "Karlsruhe"]
[Date "2024.03.28"]
[Round "1.8"]
[White "Meier, Georg"]
[Black "Schroeter, Samuel"]
[Result "1-0"]
[WhiteElo "2620"]
[BlackElo "2123"]
[Annotator "RC"]
[PlyCount "103"]
[EventDate "2024.03.28"]
[EventType "swiss"]
[EventCountry "GER"]
[SourceTitle "playchess.com"]
[Source "ChessBase"]
[SourceQuality "1"]

1. Nf3 g6 2. d4 Bg7 3. e4 c5 4. d5 d6 5. Bb5+ Bd7 6. a4 Na6 7. O-O Nc7 8. Bxd7+ Qxd7 9. Nbd2 Nf6 10. Re1 O-O 11. Nc4 Rab8 12. h3 b6 13. Bf4 Qc8 14. Bc1 Qd7 15. Bf4 Qc8 16. Qd2 Rd8 17. Rad1 Qa6 18. b3 Nd7 19. Re3 Nf6 20. Ree1 Nd7 21. Re3 f6 22. Rd3 Ne8 23. Bh6 Qb7 24. Be3 Nf8 25. Qe2 a6 26. Bd2 Qc7 27. Nh2 Rdc8 28. Rg3 Rd8 29. Rd3 Rdc8 30. Rg3 b5 31. Na5 e5 32. Nc6 Rb7 33. Ng4 Ne6 34. Qf1 Nd4 35. axb5 axb5 36. Nxd4 cxd4 37. c3 Qb6 38. Qe1 dxc3 39. Rxc3 Rxc3 40. Bxc3 b4 41. Bd2 Nc7 42. Ne3 Na6 43. Nc4 Qc7 44. Be3 Nc5 45. Bxc5 Qxc5 46. Ra1 h5 47. Ra8+ Kf7 48. Rc8 Qb6 49. Ra8 Qc5 50. Rc8 Rc7 51. Rxc7+ Qxc7 52. Qxb4 1-0

[Event "GRENKE Chess Open 2024"]
[Site "Karlsruhe"]
[Date "2024.03.28"]
[Round "1.9"]
[White "Wurzel, Andre"]
[Black "Chigaev, Maksim"]
[Result "0-1"]
[WhiteElo "2123"]
[BlackElo "2617"]
[Annotator "TA"]
[PlyCount "64"]
[EventDate "2024.03.28"]
[EventType "swiss"]
[EventCountry "GER"]
[SourceTitle "playchess.com"]
[Source "ChessBase"]
[SourceQuality "1"]

1. d4 Nf6 2. c4 g6 3. Nc3 Bg7 4. e4 d6 5. Nf3 O-O 6. Be2 Na6 7. Nd2 c5 8. d5 e6 9. O-O Re8 10. Re1 Nc7 11. a4 Na6 12. dxe6 Bxe6 13. Nf1 Qa5 14. Bf4 Qb4 15. Bd2 Qb6 16. a5 Qd8 17. Bg5 Nb4 18. Ne3 Nc6 19. a6 bxa6 20. Rxa6 Qc8 21. Ra3 Nd4 22. Bd3 Qb7 23. Qa1 Nd7 24. Nb5 Nxb5 25. cxb5 Ne5 26. Bf1 c4 27. f4 Nd3 28. Bxd3 cxd3 29. Rxd3 Qxe4 30. Qd1 Qb4 31. Nc2 Qc5+ 32. Nd4 Bc4 0-1

[Event "GRENKE Chess Open 2024"]
[Site "Karlsruhe"]
[Date "2024.03.28"]
[Round "1.10"]
[White "Svane, Frederik"]
[Black "Ellis, Antoine"]
[Result "1-0"]
[WhiteElo "2617"]
[BlackElo "2122"]
[Annotator "TA"]
[PlyCount "51"]
[EventDate "2024.03.28"]
[EventType "swiss"]
[EventCountry "GER"]
[SourceTitle "playchess.com"]
[Source "ChessBase"]
[SourceQuality "1"]

1. e4 e5 2. Nf3 Nc6 3. Bc4 Nf6 4. d3 Bc5 5. c3 O-O 6. O-O d5 7. exd5 Nxd5 8. a4 a5 9. Re1 Bg4 10. h3 Bh5 11. Nbd2 Nb6 12. Bb3 Qxd3 13. Nxe5 Qf5 14. Nef3 Rfe8 15. g4 Bxg4 16. hxg4 Qxg4+ 17. Kh1 Ne5 18. Nh2 Qh3 19. Ne4 Rad8 20. Qe2 Nd3 21. Bxf7+ Kh8 22. Bxe8 Nxe1 23. Qxe1 Rxe8 24. Qd1 Qh4 25. Nxc5 Qxf2 26. Nd3 1-0

[Event "GRENKE Chess Open 2024"]
[Site "Karlsruhe"]
[Date "2024.03.28"]
[Round "1.11"]
[White "Rybarczyk, Klaus"]
[Black "Kamsky, Gata"]
[Result "0-1"]
[WhiteElo "2122"]
[BlackElo "2616"]
[Annotator "TA"]
[PlyCount "75"]
[EventDate "2024.03.28"]
[EventType "swiss"]
[EventCountry "GER"]
[SourceTitle "playchess.com"]
[Source "ChessBase"]
[SourceQuality "1"]

1. Nf3 Nf6 2. c4 e6 3. g3 d5 4. Bg2 a5 5. O-O Be7 6. d4 O-O 7. Nc3 c6 8. Qd3 b6 9. b3 Ba6 10. Rd1 Nbd7 11. e4 b5 12. Nd2 bxc4 13. bxc4 Nb6 14. Qc2 Nxc4 15. Nxc4 Bxc4 16. Bf4 dxe4 17. Nxe4 Bd5 18. f3 a4 19. Rab1 Ra7 20. Rb8 Qxb8 21. Bxb8 Rxb8 22. Rb1 Rd8 23. Nc5 a3 24. Nd3 g6 25. Ne5 Rc7 26. Nd3 Ne8 27. Ne5 c5 28. dxc5 Bxc5+ 29. Kh1 Bd4 30. Qe2 Rdc8 31. Nd3 Rc2 32. Qd1 Bxa2 33. Nb4 Bxb1 34. Nxc2 Bxc2 35. Qxd4 a2 36. Qb2 Ra8 37. Qa1 Nd6 38. Bf1 0-1

[Event "GRENKE Chess Open 2024"]
[Site "Karlsruhe"]
[Date "2024.03.28"]
[Round "1.12"]
[White "Kazakouski, Valery"]
[Black "Sapocinic, Semion"]
[Result "1/2-1/2"]
[WhiteElo "2608"]
[BlackElo "2122"]
[Annotator "TA"]
[PlyCount "37"]
[EventDate "2024.03.28"]
[EventType "swiss"]
[EventCountry "GER"]
[SourceTitle "playchess.com"]
[Source "ChessBase"]
[SourceQuality "1"]

1. d4 Nf6 2. c4 e6 3. Nc3 d5 4. cxd5 exd5 5. Bg5 c6 6. e3 Bd6 7. Bd3 O-O 8. Nge2 Re8 9. Qd2 a5 10. f3 b5 11. O-O h6 12. Bxf6 Qxf6 13. e4 Qd8 14. e5 Bf8 15. f4 Ba6 16. Rac1 Nd7 17. f5 b4 18. Na4 Bxd3 19. Qxd3 1/2-1/2

[Event "GRENKE Chess Open 2024"]
[Site "Karlsruhe"]
[Date "2024.03.28"]
[Round "1.14"]
[White "Indjic, Aleksandar"]
[Black "Diller, Daniel"]
[Result "1-0"]
[WhiteElo "2595"]
[BlackElo "2121"]
[Annotator "TA"]
[PlyCount "36"]
[EventDate "2024.03.28"]
[EventType "swiss"]
[EventCountry "GER"]
[SourceTitle "playchess.com"]
[Source "ChessBase"]
[SourceQuality "1"]

1. e4 e5 2. Nf3 Nc6 3. Bb5 a6 4. Ba4 Nf6 5. d3 b5 6. Bb3 Bc5 7. Nc3 h6 8. a3 d6 9. Nd5 O-O 10. Nxf6+ Qxf6 11. Bd5 Bd7 12. Rg1 Rab8 13. g4 Nd4 14. Nxd4 Bxd4 15. Rg2 c6 16. Ba2 Be6 17. c3 Bxa2 18. Rxa2 Bb6 1-0

[Event "GRENKE Chess Open 2024"]
[Site "Karlsruhe"]
[Date "2024.03.28"]
[Round "1.15"]
[White "Geltz, Noah"]
[Black "Yoo, Christopher Woojin"]
[Result "0-1"]
[WhiteElo "2121"]
[BlackElo "2583"]
[Annotator "TA"]
[PlyCount "44"]
[EventDate "2024.03.28"]
[EventType "swiss"]
[EventCountry "GER"]
[SourceTitle "playchess.com"]
[Source "ChessBase"]
[SourceQuality "1"]

1. d4 Nf6 2. Bf4 c5 3. e3 Nd5 4. Bg3 Qb6 5. c4 Qxb2 6. cxd5 Qxa1 7. Qc2 Na6 8. a3 cxd4 9. Nf3 e6 10. Bb5 Bxa3 11. O-O Qb2 12. Nxa3 Qxa3 13. Be5 O-O 14. Ng5 f5 15. dxe6 dxe6 16. Bxa6 Qe7 17. Nxh7 Kxh7 18. Be2 b6 19. f4 Bb7 20. Bf3 dxe3 21. Qe2 Kg8 22. Qxe3 Rad8 0-1

[Event "GRENKE Chess Open 2024"]
[Site "Karlsruhe"]
[Date "2024.03.28"]
[Round "1.17"]
[White "Katkov, Michelle"]
[Black "Pultinevicius, Paulius"]
[Result "0-1"]
[WhiteElo "2120"]
[BlackElo "2575"]
[Annotator "TA"]
[PlyCount "30"]
[EventDate "2024.03.28"]
[EventType "swiss"]
[EventCountry "GER"]
[SourceTitle "playchess.com"]
[Source "ChessBase"]
[SourceQuality "1"]

1. e4 c6 2. d4 d5 3. exd5 cxd5 4. Bd3 Nc6 5. c3 Qc7 6. Na3 a6 7. Nc2 Nf6 8. h3 e6 9. Nf3 Bd6 10. O-O O-O 11. Re1 b6 12. Qe2 Bb7 13. Bd2 Rfe8 14. Rad1 Ne4 15. Bc1 b5 0-1

[Event "GRENKE Chess Open 2024"]
[Site "Karlsruhe"]
[Date "2024.03.28"]
[Round "1.18"]
[White "Livaic, Leon"]
[Black "Weidemann, Jakob"]
[Result "1-0"]
[WhiteElo "2558"]
[BlackElo "2119"]
[Annotator "TA"]
[PlyCount "81"]
[EventDate "2024.03.28"]
[EventType "swiss"]
[EventCountry "GER"]
[SourceTitle "playchess.com"]
[Source "ChessBase"]
[SourceQuality "1"]

1. d4 Nf6 2. c4 e6 3. Nf3 b6 4. Bf4 Bb7 5. e3 c5 6. d5 exd5 7. Nc3 d6 8. cxd5 Be7 9. e4 Nbd7 10. Be2 O-O 11. O-O a6 12. a4 Re8 13. Nd2 Qb8 14. Bg3 Nf8 15. Qb3 N6d7 16. Nc4 Bc8 17. Bg4 Ra7 18. Rfe1 Ne5 19. Bxe5 Bxg4 20. Bg3 Nd7 21. h3 Bh5 22. e5 Rb7 23. exd6 Bf8 24. Rxe8 Qxe8 25. Na5 Rb8 26. Nc6 Rb7 27. Qc4 Nb8 28. Nxb8 Qxb8 29. Qxa6 Rd7 30. Qb5 Qd8 31. a5 bxa5 32. Qxa5 h6 33. Qxd8 Rxd8 34. Ra5 Bxd6 35. Bxd6 Rxd6 36. Rxc5 Rb6 37. d6 Rxd6 38. Rxh5 g5 39. h4 f6 40. Rxh6 g4 41. Rg6+ 1-0

[Event "GRENKE Chess Open 2024"]
[Site "Karlsruhe"]
[Date "2024.03.28"]
[Round "1.19"]
[White "Trunz, Elena"]
[Black "Papp, Gabor"]
[Result "1/2-1/2"]
[WhiteElo "2118"]
[BlackElo "2558"]
[Annotator "RC"]
[PlyCount "131"]
[EventDate "2024.03.28"]
[EventType "swiss"]
[EventCountry "GER"]
[SourceTitle "playchess.com"]
[Source "ChessBase"]
[SourceQuality "1"]

1. e4 c5 2. Nc3 a6 3. g3 d6 4. Bg2 Nf6 5. d3 e5 6. Nge2 b5 7. O-O Be7 8. f4 Nbd7 9. h3 O-O 10. f5 Bb7 11. g4 Ne8 12. Ng3 Bg5 13. Nce2 c4 14. dxc4 bxc4 15. Nc3 Rb8 16. f6 Bxc1 17. Qxc1 Ndxf6 18. Nf5 Kh8 19. Ne3 Rc8 20. Qd2 Nd7 21. Rad1 Nc5 22. Ncd5 Ne6 23. Rf2 Bxd5 24. Nxd5 Rc5 25. Rdf1 Kg8 26. Rd1 h6 27. Bf1 Qg5 28. Kh2 Qxd2 29. Rfxd2 Nf6 30. Nxf6+ gxf6 31. Rxd6 a5 32. c3 Rb8 33. R1d2 Ng5 34. Bg2 Kg7 35. h4 Ne6 36. Bf1 Rc7 37. Ra6 Rcb7 38. Bxc4 Nc5 39. Rxa5 Nxe4 40. Rg2 Rxb2 41. Bb3 Rxg2+ 42. Kxg2 Nxc3 43. Ra7 Rf8 44. Kf2 Nb5 45. Rd7 Nd4 46. Bd5 h5 47. gxh5 f5 48. a4 Rc8 49. a5 Rc2+ 50. Ke3 Rc3+ 51. Kf2 Ra3 52. a6 Rxa6 53. Bxf7 Rb6 54. Bg6+ Kf6 55. Rf7+ Ke6 56. h6 Rb2+ 57. Ke3 Rb3+ 58. Kf2 e4 59. Rf8 e3+ 60. Kg2 Rb2+ 61. Kg3 f4+ 62. Kxf4 Rf2+ 63. Kxe3 Rxf8 64. Kxd4 Rf4+ 65. Ke3 Rxh4 66. h7 1/2-1/2

[Event "GRENKE Chess Open 2024"]
[Site "Karlsruhe"]
[Date "2024.03.28"]
[Round "1.20"]
[White "Heberla, Bartlomiej"]
[Black "O`cuilleanain, Oisin"]
[Result "1-0"]
[WhiteElo "2557"]
[BlackElo "2118"]
[Annotator "TA"]
[PlyCount "87"]
[EventDate "2024.03.28"]
[EventType "swiss"]
[EventCountry "GER"]
[SourceTitle "playchess.com"]
[Source "ChessBase"]
[SourceQuality "1"]

1. Nf3 Nf6 2. c4 g6 3. Nc3 Bg7 4. e4 d6 5. d4 O-O 6. Bd3 e5 7. d5 Nbd7 8. O-O h6 9. Bd2 Nh7 10. Qc1 f5 11. exf5 gxf5 12. Bxh6 Bxh6 13. Qxh6 e4 14. Nxe4 fxe4 15. Bxe4 Ndf6 16. Bd3 Qe7 17. Rae1 Qg7 18. Qxg7+ Kxg7 19. Nd4 Bd7 20. Ne6+ Bxe6 21. Rxe6 Rae8 22. Rfe1 Rxe6 23. Rxe6 Ng5 24. Re7+ Rf7 25. Re3 Kf8 26. h4 Ngh7 27. f3 Kg7 28. g3 Nd7 29. Kg2 Nc5 30. Bc2 a5 31. f4 c6 32. dxc6 bxc6 33. Kf3 Nf6 34. g4 d5 35. Re5 Nce4 36. cxd5 cxd5 37. g5 Nh5 38. f5 Nd2+ 39. Kg4 Nc4 40. Re6 Nf6+ 41. gxf6+ Rxf6 42. Kg5 Rxe6 43. fxe6 Nxb2 44. Bg6 1-0

[Event "GRENKE Chess Open 2024"]
[Site "Karlsruhe"]
[Date "2024.03.28"]
[Round "1.21"]
[White "Rotunno, Flavio"]
[Black "Meshkovs, Nikita"]
[Result "0-1"]
[WhiteElo "2118"]
[BlackElo "2556"]
[Annotator "TA"]
[PlyCount "116"]
[EventDate "2024.03.28"]
[EventType "swiss"]
[EventCountry "GER"]
[SourceTitle "playchess.com"]
[Source "ChessBase"]
[SourceQuality "1"]

1. d4 Nf6 2. c4 e6 3. Nf3 a6 4. Nc3 d5 5. cxd5 exd5 6. Bg5 Be6 7. e3 Nbd7 8. Be2 c6 9. Rc1 Bd6 10. O-O Qc7 11. Bh4 O-O 12. Bg3 h6 13. Qc2 Rfe8 14. Nd2 Nb6 15. Bd3 Rad8 16. Ne2 Bg4 17. Nb3 Bxe2 18. Bxd6 Rxd6 19. Qxe2 Nbd7 20. Nc5 Nxc5 21. Rxc5 Ne4 22. Rcc1 Rde6 23. Bxe4 Rxe4 24. Qd3 Qe7 25. a4 h5 26. Rc3 h4 27. h3 f5 28. Re1 f4 29. Qd1 Qg5 30. Kf1 fxe3 31. Rcxe3 Rxe3 32. Rxe3 Rxe3 33. fxe3 Qxe3 34. b3 Qe4 35. Kg1 g6 36. Kh1 Kg7 37. b4 Qe3 38. Qg4 Qe7 39. Qf4 Qxb4 40. Qxh4 b5 41. axb5 axb5 42. Qd8 Qxd4 43. Qe7+ Kh6 44. Qf8+ Kh7 45. Qe7+ Qg7 46. Qh4+ Kg8 47. Qd8+ Qf8 48. Qg5 Qd6 49. h4 d4 50. h5 d3 51. Qg4 d2 52. Qd1 gxh5 53. Qb3+ Qd5 54. Qg3+ Kh7 55. Qc7+ Kg6 56. Qg3+ Kf5 57. Qh3+ Ke4 58. Qf3+ Ke5 0-1